Vista normal Vista MARC

Entrada Corporate Name

Número de registros utilizados en: 1

001 - CONTROL NUMBER

  • control field: 30143

003 - CONTROL NUMBER IDENTIFIER

  • control field: OSt

005 - DATE AND TIME OF LATEST TRANSACTION

  • control field: 20230915231530.0

008 - FIXED-LENGTH DATA ELEMENTS

  • fixed length control field: 230915|| aca||aabn | a|a d

040 ## - CATALOGING SOURCE

  • Original cataloging agency: OSt
  • Transcribing agency: OSt

110 ## - HEADING--CORPORATE NAME

  • Corporate name or jurisdiction name as entry element: Biblioteca Luis Ángel Arango, Bogotá

670 ## - SOURCE DATA FOUND

  • Source citation: Work cat.: (OSt)29793: Biblioteca Luis Ángel Arango, Bogotá, Gregorio Vásquez de Arca y Ceballos : , 2005









Instituto Departamental de Cultura del Meta - Red Departamental de Bibliotecas Públicas del Meta.